• 首页
  • 本馆介绍
  • 公告通知
  • 最新文献
  • 馆藏检索
  • 电子资源
  • 读者导购
  • 参考咨询
  • 我的图书馆
  • 登录
  • 详细信息显示
  • 放入我的书架
  • 预约/预借图书
  • 作者相关作品
  • 分类相关作品
  • 丛书相关作品
  • 出版社相关作品

书目信息

  • 表格格式
  • 工作单格式
  • 卡片格式
题名:
动物寄生虫与人类健康
    
 
作者: 黄兵 主编
分册:  
出版信息: 北京   中国农业科学技术出版社  2015
页数: 136页
开本: 26cm
丛书名:
单 册:
中图分类: S855.9
科图分类:
主题词: 动物疾病--寄生虫病
电子资源:
ISBN: 978-7-5116-1820-7
000 00920nam0 2200229 450
001 012015000077
005 20151130100015.32
010    @a978-7-5116-1820-7@dCNY50.00
100    @a20150202d2015 em y0chiy50 ea
101 0  @achi
102    @aCN@b110000
105    @aa z 000yy
106    @ar
200 1  @a动物寄生虫与人类健康@Adong wu ji sheng chong yu ren lei jian kang@e重要寄生虫病30种@f黄兵主编
210    @a北京@c中国农业科学技术出版社@d2015
215    @a136页@c彩图@d26cm
330    @a本书介绍了对人类健康危害较大的30种寄生虫病,这些寄生虫病的病原绝大多数来自动物,包括原虫病11种、吸虫病6种、绦虫病6种、线虫病4种、节肢动物病3种,每种寄生虫病均简要介绍了病原形态、病原生活史、流行状况、感染途径、主要危害、预防措施等6部分。
606 0  @a动物疾病@x寄生虫病
690    @aS855.9@v5
701  0 @a黄兵@Ahuang bing@c(寄生虫学,@f1958-)@4主编
801  0 @aCN@b碧洲教育@c20151127
905    @a10447@f4@dS855.9@e125
    
    动物寄生虫与人类健康:重要寄生虫病30种/黄兵主编.-北京:中国农业科学技术出版社,2015
    136页:彩图;26cm
    
    
    ISBN 978-7-5116-1820-7:CNY50.00
    本书介绍了对人类健康危害较大的30种寄生虫病,这些寄生虫病的病原绝大多数来自动物,包括原虫病11种、吸虫病6种、绦虫病6种、线虫病4种、节肢动物病3种,每种寄生虫病均简要介绍了病原形态、病原生活史、流行状况、感染途径、主要危害、预防措施等6部分。
●
相关链接 在E读中查询图书 在五车中查询图书 在当当中查询图书 在豆瓣中查询图书


正题名:动物寄生虫与人类健康     索取号:S855.9/125         预约/预借

序号 登录号 条形码 馆藏地/架位号 状态 备注
1 0871451   208714514   第二样本阅览室/ [索取号:S855.9/125] 在馆    
2 0871452   208714523   第三借阅区/ [索取号:S855.9/125] 在馆    
3 0871453   208714532   密集书库-生命科学系/ [索取号:S855.9/125] 在馆    
4 0871454   208714541   第三借阅区/ [索取号:S855.9/125] 在馆    
唐山师范学院图书馆 欢迎您!
大连网信软件有限公司© 版权所有